000 00509nam a22001817a 4500
005 20231123142411.0
008 231123b |||||||| |||| 00| 0 eng d
020 _a0862102928
041 _aEnglish
082 _a341.48 AMN
100 _lEnglish
245 _aTake a Step to Stamp out Torture
250 _aFirst Edition
260 _aLondon :
_bAmnesty International,
_c2000
300 _bvii, 138 pages ;
_c24 cm.
650 _aLegal practice
_bLaw
942 _cBK
_6ALISON_BN_VRIES
999 _c906
_d906